| 000 | 00474nam a22001217a 4500 | ||
|---|---|---|---|
| 999 |
_c21483 _d21483 |
||
| 008 | 240911b ||||| |||| 00| 0 eng d | ||
| 100 |
_aPañares, Alice A. _eauthor. _960627 |
||
| 245 |
_aThe arts : _bhealing mind and spirit in a disruptive world / _cAlice A. Pañares. |
||
| 260 |
_aPhilippines; _bPublishers Association of the Philippines, Inc., _cNovember 2019. |
||
| 300 | _a Volume 168, pages 218-222. | ||
| 700 |
_aPañares, Alice A. _eauthor. _960627 |
||
| 942 |
_2ddc _cPER |
||